000
00338nam a2200145Ia 4500
008
221030s9999 xx 000 0 und d
020
_a
9788120301450
041
_a
English
100
_a
N. Deo
245
0
_a
Graph Theory
_c
by N. Deo
260
_b
PHI Learning
_a
New Delhi
_c
2011
300
_a
478
650
_a
BB Computer
942
_c
BK
999
_c
18969
_d
18969